header

Current methods in historical semantics (Record no. 145388)

MARC details
000 -LEADER
fixed length control field 01496nam a2200361 a 4500
082 04 - DEWEY DECIMAL CLASSIFICATION NUMBER
Classification number 417/.7
245 00 - TITLE STATEMENT
Title Current methods in historical semantics
260 ## - PUBLICATION, DISTRIBUTION, ETC. (IMPRINT)
Place of publication Berlin :
Name of publisher De Gruyter Mouton,
Year of publication c2012.
300 ## - PHYSICAL DESCRIPTION
Number of Pages viii, 347 p. :
Other physical details ill.
490 1# - SERIES STATEMENT
Series statement Topics in English linguistics,
505 0# - FORMATTED CONTENTS NOTE
Formatted contents note section 1. Data and sources -- section 2. Corpus-based methods -- section 3. Theoretical approaches.
650 #0 - SUBJECT ADDED ENTRY--TOPICAL TERM
Topical Term Semantics, Historical.
Topical Term English language
700 1# - ADDED ENTRY--PERSONAL NAME
Personal name Allan, Kathryn.
Personal name Robinson, Justyna A.
856 40 - ELECTRONIC LOCATION AND ACCESS
Uniform Resource Identifier http://site.ebrary.com/lib/rucke/Doc?id=10527873

No items available.

© 2026 Rongo University
Contact us: librarian | system librarian | Rongo university